[Event "UKR-POL U26"]
[Site "Lvov"]
[Date "2013.09.28"]
[Round "4"]
[White "Barski, Radoslaw"]
[Black "Makarov, V."]
[Result "1-0"]
[WhiteElo "2278"]
[BlackElo "2286"]
[PlyCount "67"]
[EventDate "2013.09.26"]
[EventType "team-swiss"]
[EventRounds "5"]
[EventCountry "UKR"]
[SourceTitle "CBM 156 Extra"]
[Source "ChessBase"]
[SourceDate "2013.10.22"]
[SourceVersion "1"]
[SourceVersionDate "2013.10.22"]
[SourceQuality "1"]
[WhiteTeam "Katowice Economic Univ"]
[BlackTeam "Odessa Civil Engineering"]
[WhiteTeamCountry "POL"]
[BlackTeamCountry "UKR"]

1. e4 c5 2. Nf3 d6 3. d4 cxd4 4. Nxd4 Nf6 5. Nc3 a6 6. Bg5 e6 7. f4 Nbd7 8. Qf3 Qc7 9. 0-0-0 b5 10. Bd3 Bb7 11. Rhe1 b4 12. Nd5 exd5 13. exd5+ Kd8 14. Nc6+ Bxc6 15. dxc6 Nc5 16. Bxf6+ gxf6 17. Bc4 Ra7 18. Qd5 Ne6 19. f5 Ng7 20. Qd4 Be7 21. Qg4 Ne8 22. Bd5 a5 23. Rd3 Qb6 24. Rde3 Rf8 25. Qe2 Qc7 26. g3 a4 27. Qc4 Qb6 28. Qe2 Qc7 29. Qb5 Ra5 30. Qd3 Rc5 31. Rxe7 Qxe7 32. Rxe7 Kxe7 33. Qe4+ Kd8 34. Qxb4 1-0

[Event "UKR-POL U26"]
[Site "Lvov"]
[Date "2013.09.27"]
[Round "3"]
[White "Makarov, V."]
[Black "Tazbir, Marcin"]
[Result "0-1"]
[WhiteElo "2286"]
[BlackElo "2552"]
[PlyCount "80"]
[EventDate "2013.09.26"]
[EventType "team-swiss"]
[EventRounds "5"]
[EventCountry "UKR"]
[SourceTitle "CBM 156 Extra"]
[Source "ChessBase"]
[SourceDate "2013.10.22"]
[SourceVersion "1"]
[SourceVersionDate "2013.10.22"]
[SourceQuality "1"]
[WhiteTeam "Odessa Civil Engineering"]
[BlackTeam "Warsaw Univ"]
[WhiteTeamCountry "UKR"]
[BlackTeamCountry "POL"]

1. c4 e5 2. Nc3 Bb4 3. Qc2 Nc6 4. e3 Nf6 5. a3 Bxc3 6. Qxc3 0-0 7. b4 d6 8. d3 b6 9. Nf3 Bb7 10. Be2 Ne7 11. Qc2 c5 12. e4 Nd7 13. b5 f5 14. h4 Nf6 15. Ng5 Qd7 16. Bf3 h6 17. Nh3 a6 18. bxa6 Rxa6 19. Ng1 fxe4 20. dxe4 Nc6 21. Ne2 Qf7 22. 0-0 Nd4 23. Nxd4 cxd4 24. Rb1 Qg6 25. Re1 Nd7 26. h5 Qe8 27. Rb4 Rxf3 28. gxf3 Qxh5 29. Kg2 Nc5 30. Rh1 Qg6+ 31. Kf1 Nxe4 32. Qb1 d3 33. Rg1 d2 34. Rxg6 d1Q+ 35. Kg2 Ng5 36. Bxg5 Qxf3+ 37. Kf1 Be4 38. Qb3 Bd3+ 39. Kg1 Qg4+ 40. Kh2 Qh5+ 0-1

[Event "UKR-POL U26"]
[Site "Lvov"]
[Date "2013.09.26"]
[Round "1"]
[White "Makarov, V."]
[Black "Klekowski, Maciej"]
[Result "0-1"]
[WhiteElo "2286"]
[BlackElo "2381"]
[PlyCount "80"]
[EventDate "2013.09.26"]
[EventType "team-swiss"]
[EventRounds "5"]
[EventCountry "UKR"]
[SourceTitle "CBM 156 Extra"]
[Source "ChessBase"]
[SourceDate "2013.10.22"]
[SourceVersion "1"]
[SourceVersionDate "2013.10.22"]
[SourceQuality "1"]
[WhiteTeam "Odessa Civil Engineering"]
[BlackTeam "Poznan Technology Univ"]
[WhiteTeamCountry "UKR"]
[BlackTeamCountry "POL"]

1. c4 Nf6 2. Nc3 e5 3. e3 Bb4 4. Nf3 e4 5. Nd4 Bxc3 6. dxc3 d6 7. b4 0-0 8. Nb3 Qe7 9. a4 c5 10. Ba3 b6 11. a5 Nc6 12. Be2 Ne5 13. h3 Ng6 14. Nd2 Qe5 15. Qc2 Nh4 16. Kf1 Bf5 17. g3 Nf3 18. Qc1 h5 19. Kg2 Ng5 20. Bb2 Qe6 21. h4 Bh3+ 22. Kg1 Ngh7 23. Qc2 Rfe8 24. Qa4 Bg4 25. Bf1 Rab8 26. axb6 axb6 27. Kh2 d5 28. cxd5 Qxd5 29. Qc2 Red8 30. Nb3 Bd1 31. Rxd1 Ng4+ 32. Kg2 Qxd1 33. Qxd1 Rxd1 34. Bc1 cxb4 35. cxb4 Rc8 36. Ba6 Rxh1 37. Bxc8 Rh2+ 38. Kg1 Nhf6 39. Nd4 Rxf2 40. b5 Ra2 0-1

[Event "Ilichevsk Sunny Pawn-B"]
[Site "Ilichevsk"]
[Date "2006.07.31"]
[Round "13"]
[White "Makarov, V."]
[Black "Voicu Jagodzinsky, Carmen"]
[Result "1-0"]
[WhiteElo "2272"]
[BlackElo "2286"]
[PlyCount "49"]
[EventDate "2006.07.20"]
[EventType "tourn"]
[EventRounds "13"]
[EventCountry "UKR"]
[EventCategory "1"]
[SourceTitle "CBM 113 Extra"]
[Source "ChessBase"]
[SourceDate "2006.09.14"]
[SourceVersion "1"]
[SourceVersionDate "2006.09.14"]
[SourceQuality "1"]

1. f4 c5 2. Nf3 d5 3. e3 Nf6 4. d4 e6 5. Bd3 Be7 6. 0-0 c4 7. Be2 Nc6 8. b3 cxb3 9. axb3 0-0 10. Ne5 Ne4 11. Nxc6 bxc6 12. Bb2 a5 13. Nc3 Nd6 14. Ba3 Nf5 15. Qd2 c5 16. Bxc5 Bxc5 17. dxc5 Qc7 18. Na4 Rb8 19. Bd3 e5 20. Bxf5 Bxf5 21. fxe5 Be4 22. Nc3 Rb4 23. Nxd5 Rd8 24. Qxb4 Bxd5 25. Qxa5 1-0

[Event "Ilichevsk Sunny Pawn-B"]
[Site "Ilichevsk"]
[Date "2006.07.23"]
[Round "4"]
[White "Makarov, V."]
[Black "Kalinin, Oleg"]
[Result "1-0"]
[WhiteElo "2272"]
[BlackElo "2354"]
[PlyCount "109"]
[EventDate "2006.07.20"]
[EventType "tourn"]
[EventRounds "13"]
[EventCountry "UKR"]
[EventCategory "1"]
[SourceTitle "CBM 113 Extra"]
[Source "ChessBase"]
[SourceDate "2006.09.14"]
[SourceVersion "1"]
[SourceVersionDate "2006.09.14"]
[SourceQuality "1"]

1. c4 e5 2. Nc3 Bb4 3. g3 Bxc3 4. bxc3 d6 5. Bg2 Ne7 6. e3 Nbc6 7. Ne2 0-0 8. 0-0 Be6 9. d3 Qd7 10. Qc2 Bh3 11. Rb1 Bxg2 12. Kxg2 Na5 13. Ba3 c5 14. e4 f5 15. exf5 Qxf5 16. Ng1 Ng6 17. Qe2 Rae8 18. Rbe1 Qd7 19. Bc1 Qa4 20. Qe4 Qc6 21. Nf3 Qxe4 22. Rxe4 Rc8 23. h4 h6 24. h5 Ne7 25. Nh4 Rf7 26. f4 Rcf8 27. Rfe1 Nac6 28. R4e2 Kh7 29. Nf3 g5 30. hxg6+ Nxg6 31. Rh1 Rf6 32. f5 Rxf5 33. Ng5+ Kg8 34. Rxh6 Nce7 35. Ne4 Kg7 36. Nxd6 Rd8 37. Nxf5+ Nxf5 38. Rh5 Nfe7 39. Re3 Rd6 40. Ba3 Ra6 41. Bxc5 Rxa2+ 42. Kf3 Nc6 43. Ke4 Rc2 44. d4 b6 45. d5 Na5 46. Kd3 Rg2 47. Bd6 Nb7 48. c5 bxc5 49. Bxe5+ Nxe5+ 50. Rhxe5 Nd6 51. Rf3 Rg1 52. Re7+ Kg8 53. Rxa7 Rd1+ 54. Kc2 Rxd5 55. Rd7 1-0

[Event "Kharkov Caissa op"]
[Site "Kharkov"]
[Date "2003.01.28"]
[Round "7"]
[White "Onoprienko, Vladimir"]
[Black "Makarov, V."]
[Result "1/2-1/2"]
[WhiteElo "2418"]
[BlackElo "2278"]
[PlyCount "77"]
[EventDate "2003.01.21"]
[EventType "swiss"]
[EventRounds "9"]
[EventCountry "UKR"]
[SourceTitle "CBM 092 Extra"]
[Source "ChessBase"]
[SourceDate "2003.03.07"]
[SourceVersion "1"]
[SourceVersionDate "2003.03.07"]
[SourceQuality "1"]

1. e4 c5 2. Nc3 d6 3. Nf3 Nf6 4. d4 cxd4 5. Qxd4 Nc6 6. Bb5 Bd7 7. Bxc6 Bxc6 8. Bg5 e5 9. Qd3 h6 10. Bxf6 Qxf6 11. Nd2 Qe6 12. Nc4 Be7 13. Ne3 g6 14. Ncd5 Bd8 15. c4 0-0 16. 0-0-0 Rc8 17. Kb1 a6 18. Rc1 b5 19. Nb4 bxc4 20. Qxc4 Bb7 21. Qd3 Bb6 22. Nbd5 Bc5 23. g4 a5 24. h4 Rb8 25. Rc2 Bxd5 26. Nxd5 Kg7 27. g5 hxg5 28. hxg5 Rh8 29. Qf3 Rxh1+ 30. Qxh1 Rh8 31. Qg2 Qh3 32. Qxh3 Rxh3 33. a3 Rh1+ 34. Ka2 Rg1 35. b4 axb4 36. axb4 Bd4 37. Nf6 Rxg5 38. Ne8+ Kf8 39. Nxd6 1/2-1/2

[Event "Kharkov Caissa op"]
[Site "Kharkov"]
[Date "2003.01.25"]
[Round "5"]
[White "Ljukin, Sergei"]
[Black "Makarov, V."]
[Result "0-1"]
[WhiteElo "2386"]
[BlackElo "2278"]
[PlyCount "74"]
[EventDate "2003.01.21"]
[EventType "swiss"]
[EventRounds "9"]
[EventCountry "UKR"]
[SourceTitle "CBM 092 Extra"]
[Source "ChessBase"]
[SourceDate "2003.03.07"]
[SourceVersion "1"]
[SourceVersionDate "2003.03.07"]
[SourceQuality "1"]

1. e4 e6 2. d4 d5 3. Nc3 Bb4 4. e5 c5 5. a3 Bxc3+ 6. bxc3 Qa5 7. Bd2 Qa4 8. Nf3 c4 9. Be2 Nc6 10. 0-0 Bd7 11. Nh4 0-0-0 12. f4 Nge7 13. g4 f5 14. gxf5 Nxf5 15. Nxf5 exf5 16. Be1 h6 17. Qd2 g5 18. Kh1 Rdg8 19. Rg1 Nd8 20. fxg5 hxg5 21. Rxg5 Rxg5 22. Qxg5 Qxc2 23. Qg2 Qb2 24. Rd1 Ba4 25. Rd2 Qxc3 26. Bd1 Bxd1 27. Rxd1 Qb3 28. Rd2 Ne6 29. Qg3 Qb1 30. Re2 Nxd4 31. Re3 Nc2 32. Re2 Qd1 33. Qf2 Nd4 34. Re3 Re8 35. h3 Qh5 36. Bc3 Ne6 37. Rg3 f4 0-1

[Event "Kharkov Caissa op"]
[Site "Kharkov"]
[Date "2003.01.24"]
[Round "4"]
[White "Makarov, V."]
[Black "Shalimov, Valery"]
[Result "0-1"]
[WhiteElo "2278"]
[BlackElo "2452"]
[PlyCount "76"]
[EventDate "2003.01.21"]
[EventType "swiss"]
[EventRounds "9"]
[EventCountry "UKR"]
[SourceTitle "CBM 092 Extra"]
[Source "ChessBase"]
[SourceDate "2003.03.07"]
[SourceVersion "1"]
[SourceVersionDate "2003.03.07"]
[SourceQuality "1"]

1. d4 d5 2. Nf3 Nf6 3. c4 e6 4. e3 b6 5. Nc3 Bd6 6. Qc2 0-0 7. Bd3 Bb7 8. cxd5 exd5 9. 0-0 Na6 10. a3 c5 11. Ne5 Nc7 12. Bd2 Qe7 13. Nf3 c4 14. Bf5 g6 15. Bh3 b5 16. a4 a6 17. g3 b4 18. Ne2 a5 19. Nf4 Ne4 20. Bg2 g5 21. Ne2 f6 22. Be1 Kg7 23. Nd2 f5 24. f3 Nf6 25. Bf2 Qe6 26. Rae1 Rae8 27. h3 Qd7 28. g4 f4 29. exf4 gxf4 30. h4 Bc6 31. Bh3 Bxa4 32. Qc1 Bb5 33. Nb1 Ne4 34. fxe4 dxe4 35. Nxf4 Rxf4 36. d5 Be5 37. Kg2 Nxd5 38. Bg3 e3 0-1

[Event "Kharkov Caissa op"]
[Site "Kharkov"]
[Date "2003.01.21"]
[Round "1"]
[White "Makarov, V."]
[Black "Kononenko, Dmitry"]
[Result "1-0"]
[WhiteElo "2278"]
[BlackElo "2443"]
[PlyCount "102"]
[EventDate "2003.01.21"]
[EventType "swiss"]
[EventRounds "9"]
[EventCountry "UKR"]
[SourceTitle "CBM 092 Extra"]
[Source "ChessBase"]
[SourceDate "2003.03.07"]
[SourceVersion "1"]
[SourceVersionDate "2003.03.07"]
[SourceQuality "1"]

1. Nf3 d5 2. g3 Nf6 3. Bg2 Bf5 4. 0-0 e6 5. d3 Nbd7 6. Nbd2 h6 7. Re1 c6 8. e4 Bh7 9. Qe2 Qb6 10. b3 Bb4 11. Bb2 0-0 12. a3 Be7 13. Ne5 Rfd8 14. Nxd7 Rxd7 15. e5 Ne8 16. Kh1 a5 17. a4 Nc7 18. f4 Na6 19. g4 Nb4 20. Nf3 c5 21. Rac1 Rc8 22. Red1 Qd8 23. c3 Nc6 24. Nd2 d4 25. c4 Qb6 26. Ba3 Nb4 27. Ne4 Qc7 28. Bxb4 axb4 29. Rf1 Rf8 30. Rf3 Kh8 31. Rcf1 Rdd8 32. Rh3 f6 33. exf6 Bxf6 34. g5 Be7 35. gxh6 gxh6 36. Rxh6 Rxf4 37. Ng3 Bg5 38. Rxe6 Rdf8 39. Re1 Rf2 40. Qh5 Be3 41. Be4 Qf7 42. Qe5+ Qg7 43. Qxg7+ Kxg7 44. Re7+ R8f7 45. Rxf7+ Rxf7 46. Bxh7 Kxh7 47. Rf1 Re7 48. Rf5 b6 49. Kg2 Kg6 50. Rd5 Bf4 51. Ne4 Bc7 1-0